Państwa Unii Europejskiej - klikanie - Statystyki

Ogólne statystyki
  • Ten quiz został rozwiązany 18 razy
  • Średni wynik to 17 z 27
Statystyki odpowiedzi
Hint Odpowiedź % Poprawnych
Francja 1957
93%
Słowacja 2004
93%
Polska 2004
93%
Łotwa 2004
86%
Litwa 2004
86%
Węgry 2004
86%
Niemcy 1957
79%
Holandia 1957
79%
Słowenia 2004
79%
Rumunia 2007
79%
Belgia 1957
71%
Estonia 2004
71%
Czechy 2004
71%
Chorwacja 2013
71%
Luksemburg 1957
64%
Włochy 1957
64%
Bułgaria 2007
64%
Cypr 2004
57%
Malta 2004
50%
Szwecja 1995
43%
Dania 1973
36%
Irlandia 1973
36%
Hiszpania 1986
36%
Finlandia 1995
36%
Grecja 1981
21%
Portugalia 1986
21%
Austria 1995
21%
Nie znaleziono quizów pasujących do podanych kryteriów
Rozkład punktacji
Procent ludzi z każdym wynikiem
Percentyl według liczby udzielonych odpowiedzi
Twoja historia wyników
Nie rozwiązałeś tego quizu